00934nam a2200217 a 450000500170000000800410001702000180005805000240007610000250010024501150012526000390024030000240027944000240030352001520032765000350047965000150051465000260052965000270055599900190058295201150060120140412111244.0001110s19uu xx 00 eng d a0-916392-07-4 aREF 303.3bJ63 1976 aJohnson, Ann Donegan aThe Value of determination :bthe story of Helen Keller /cAnn Donegan Johnson ; illustrated by Steve Pileggi. aLa Jolla, CA :bValue Comm,c1976. a63 p. ; col. ; ill. aA Value Tale Series aFocuses on Helen Keller's determination to help, hear, see, and speak and her equal determination to help others with handicaps similar to her own. aKeller, Helen Adams, 1880-1968 aBlind-deaf aPerseverance (Ethics) aPhysically handicapped c102855d102855 001040aELbELcREFd2000-11-10eLib. Fundl0oREF 303.3 J63 1976pE3006r2014-04-12 00:00:00w2014-04-12yBK